Counseling with youth. (Record no. 12485)

000 -LEADER
fixed length control field 00588nam a2200193 a 4500
001 - CONTROL NUMBER
control field :::00010287$&:&@@
003 - CONTROL NUMBER IDENTIFIER
control field OkBaRHE
005 - DATE AND TIME OF LATEST TRANSACTION
control field 20000607103357.0
008 - FIXED-LENGTH DATA ELEMENTS--GENERAL INFORMATION
fixed length control field s1966 j 000 0 eng u
040 ## - CATALOGING SOURCE
Transcribing agency
100 1# - MAIN ENTRY--PERSONAL NAME
Personal name Narramore, Clyde Maurice, 1916-
245 10 - TITLE STATEMENT
Title Counseling with youth.
260 ## - PUBLICATION, DISTRIBUTION, ETC. (IMPRINT)
Place of publication, distribution, etc Grand Rapids, MI., :
Name of publisher, distributor, etc Zondervan Publishing Co.
Date of publication, distribution, etc c1966
300 ## - PHYSICAL DESCRIPTION
Extent 113 p. ;
Dimensions 21 cm.
650 ## - SUBJECT ADDED ENTRY--TOPICAL TERM
Topical term or geographic name as entry element Church Work with Youth
650 ## - SUBJECT ADDED ENTRY--TOPICAL TERM
Topical term or geographic name as entry element Counseling
942 ## - ADDED ENTRY ELEMENTS (KOHA)
Source of classification or shelving scheme
Koha item type Books
Copies
Price effective from Damaged status Date last seen Full call number Barcode Lost status Shelving location Copy number Source of classification or shelving scheme Not for loan Date acquired Permanent Location Koha item type Withdrawn status
2010-04-14 2010-04-14BV 4447 .N310287 General Stacks1  2010-04-14RHEMA Bible Training CollegeBooks